International encyclopedia of social policy (Record no. 5466)
[ view plain ]
| 000 -LEADER | |
|---|---|
| fixed length control field | 00429nam a2200133Ia 4500 |
| 020 ## - INTERNATIONAL STANDARD BOOK NUMBER | |
| ISBN | 0-415-25896-0(set) |
| 082 ## - DEWEY DECIMAL CLASSIFICATION NUMBER | |
| Classification number | RR 361.2503 INT- |
| 245 #0 - TITLE STATEMENT | |
| Title | International encyclopedia of social policy |
| 260 ## - PUBLICATION, DISTRIBUTION, ETC. (IMPRINT) | |
| Place of publication | London |
| Name of publisher | Routledge |
| Year of publication | 2006 |
| 500 ## - GENERAL NOTE | |
| General note | Contents : - Vol. 1. A-F(xxi, 516), - v.2. G-P(vi, 517-1108), - v. 3. Q-Z(vii, 1109-1577) |
| 650 ## - SUBJECT ADDED ENTRY--TOPICAL TERM | |
| Topical Term | Social policy |
| Form subdivision | Encyclopedia |
| 700 ## - ADDED ENTRY--PERSONAL NAME | |
| Personal name | Fitzpatrick, Tony |
| 942 ## - ADDED ENTRY ELEMENTS (KOHA) | |
| Koha item type | Books |
| Source of classification or shelving scheme | Dewey Decimal Classification |
| Withdrawn status | Lost status | Damaged status | Not for loan | Home library | Current library | Date acquired | Source of acquisition | Serial Enumeration / chronology | Bill Date | Full call number | Accession Number | Price effective from | Koha item type |
|---|---|---|---|---|---|---|---|---|---|---|---|---|---|
| NASSDOC Library | NASSDOC Library | 15/02/2007 | BSB | V.1 | 2007-01-18 | RR 361.2503 INT- | 43262 | 18/04/2019 | Books | ||||
| NASSDOC Library | NASSDOC Library | 15/02/2007 | BSB | V.2 | 2007-01-18 | RR 361.2503 INT- | 43263 | 18/04/2019 | Books | ||||
| NASSDOC Library | NASSDOC Library | 15/02/2007 | BSB | V.3 | 2007-01-18 | RR 361.2503 INT- | 43264 | 18/04/2019 | Books |
